| 000 | 00813nam a2200205 a 4500 | ||
|---|---|---|---|
| 003 | 0 | ||
| 005 | 20250206143902.0 | ||
| 008 | 130829s19uu xx 00 eng d | ||
| 050 |
_aPGS GV 365 _b.Ag275 2013 |
||
| 100 | _aAgoncillo, Angelo. | ||
| 245 |
_aSports preference and physical fitness practices of grade 6 students of Southville international School and Colleges / _cAngelo Agoncillo. |
||
| 260 |
_aLas PiƱas City, Philippines : _bSouthville International School and Colleges, _c2013. |
||
| 300 |
_a28 pages : _billustrations ; _c28 cm. |
||
| 504 | _aIncludes bibliographical references. | ||
| 650 | _aSports participation in children. | ||
| 650 | _aPhysical fitness for children. | ||
| 650 | _aChildren's health and physical education. | ||
| 650 | _aPhysical fitness for youth. | ||
| 942 |
_2lcc _cPASS |
||
| 999 |
_c99030 _d99030 |
||